Southville International School and Colleges
Your cart is empty.
  • Cart
  • Lists
    Public lists Eva Luna New books Lux_list list_1
    Your lists Log in to create your own lists
  • Log in to your account
  • Your cookies
  • Search history
Southville International School and Colleges
  • Advanced search
  • Recent comments
  • Most popular
  • Libraries

Log in to your account

Log in with GOOGLE


If you do not have an external account, but do have a local account, you can still log in:

  1. Home
  2. MARC view: The inklings :
Normal view MARC view ISBD view

The inklings : (Record no. 15326)

[ view plain ]
MARC details
000 -LEADER
fixed length control field 01447cam a2200409 i 4500
001 - CONTROL NUMBER
control field 4629248
003 - CONTROL NUMBER IDENTIFIER
control field OSt
005 - DATE AND TIME OF LATEST TRANSACTION
control field 20140310182720.0
008 - FIXED-LENGTH DATA ELEMENTS--GENERAL INFORMATION
fixed length control field 781103r1979 mauaf b 001 0ceng
010 ## - LIBRARY OF CONGRESS CONTROL NUMBER
LC control number 78026042
020 ## - INTERNATIONAL STANDARD BOOK NUMBER
International Standard Book Number 0345295528
040 ## - CATALOGING SOURCE
Original cataloging agency DLC
Transcribing agency DLC
Modifying agency DLC
043 ## - GEOGRAPHIC AREA CODE
Geographic area code e-uk-en
050 00 - LIBRARY OF CONGRESS CALL NUMBER
Classification number PR 6023
Item number .C295 1978
082 00 - DEWEY DECIMAL CLASSIFICATION NUMBER
Classification number M 823.912
Item number C22 1978
100 1# - MAIN ENTRY--PERSONAL NAME
Personal name Carpenter, Humphrey.
245 14 - TITLE STATEMENT
Title The inklings :
Remainder of title C.S. Lewis, J.R.R. Tolkien, Charles Williams, and their friends /
Statement of responsibility, etc Carpenter, Humphrey
260 ## - PUBLICATION, DISTRIBUTION, ETC. (IMPRINT)
Place of publication, distribution, etc New York :
Name of publisher, distributor, etc George Allen & Unwin Publishers Ltd.,
Date of publication, distribution, etc c1978.
300 ## - PHYSICAL DESCRIPTION
Extent x, 324 p.
Other physical details ill. ;
Dimensions 18 cm.
500 ## - GENERAL NOTE
General note Includes index.
504 ## - BIBLIOGRAPHY, ETC. NOTE
Bibliography, etc Bibliography: p. 260-265.
521 ## - TARGET AUDIENCE NOTE
Target audience note
526 ## - STUDY PROGRAM INFORMATION NOTE
Reading level 1210L-1700L
541 ## - IMMEDIATE SOURCE OF ACQUISITION NOTE
-- 1
562 ## - COPY AND VERSION IDENTIFICATION NOTE
Number of copies 1
600 10 - SUBJECT ADDED ENTRY--PERSONAL NAME
Personal name Lewis, C. S.
Fuller form of name (Clive Staples),
Dates associated with a name 1898-1963
General subdivision Friends and associates.
600 10 - SUBJECT ADDED ENTRY--PERSONAL NAME
Personal name Tolkien, J. R. R.
Fuller form of name (John Ronald Reuel),
Dates associated with a name 1892-1973
General subdivision Friends and associates.
600 10 - SUBJECT ADDED ENTRY--PERSONAL NAME
Personal name Williams, Charles,
Dates associated with a name 1886-1945
General subdivision Friends and associates.
610 20 - SUBJECT ADDED ENTRY--CORPORATE NAME
Corporate name or jurisdiction name as entry element University of Oxford
Form subdivision Biography.
650 #0 - SUBJECT ADDED ENTRY--TOPICAL TERM
Topical term or geographic name as entry element Authors, English
Chronological subdivision 20th century
General subdivision Biography.
650 #0 - SUBJECT ADDED ENTRY--TOPICAL TERM
Topical term or geographic name as entry element Fantasy literature
General subdivision Authorship.
650 #0 - SUBJECT ADDED ENTRY--TOPICAL TERM
Topical term or geographic name as entry element Inklings (Group of writers)
651 #0 - SUBJECT ADDED ENTRY--GEOGRAPHIC NAME
Geographic name Oxford (England)
General subdivision Intellectual life
Chronological subdivision 20th century.
651 #0 - SUBJECT ADDED ENTRY--GEOGRAPHIC NAME
Geographic name Oxford (England)
General subdivision Biography.
906 ## - LOCAL DATA ELEMENT F, LDF (RLIN)
a 7
b cbc
c orignew
d 1
e ocip
f 19
g y-gencatlg
942 ## - ADDED ENTRY ELEMENTS (KOHA)
Source of classification or shelving scheme Library of Congress Classification
Koha item type Books
Call number prefix
Holdings
Withdrawn status Lost status Source of classification or shelving scheme Damaged status Home library Current library Shelving location Date acquired Source of acquisition Total Checkouts Full call number Barcode Date last seen Copy number Price effective from Koha item type
    Library of Congress Classification   Archives Archives   06/07/2013 Donation   PR 6023 .C295 1978 C4374 05/15/2018 1 11/14/2013 Books

The inklings :

APA

Carpenter H., . (1978). The inklings. New York: George Allen & Unwin Publishers Ltd.

Chicago

Carpenter Humphrey, . 1978. The inklings. New York: George Allen & Unwin Publishers Ltd.

Harvard

Carpenter H., . (1978). The inklings. New York: George Allen & Unwin Publishers Ltd.

MLA

Carpenter Humphrey, . The inklings. New York: George Allen & Unwin Publishers Ltd. 1978.

  • Place hold
  • Print
  • Cite
  • Add to your cart (remove)
  • Save record
    BIBTEX Dublin Core MARCXML MARC (non-Unicode/MARC-8) MARC (Unicode/UTF-8) MARC (Unicode/UTF-8, Standard) MODS (XML) RIS
  • More searches
    Search for this title in:
    Other Libraries (WorldCat) Other Databases (Google Scholar) Online Stores (Bookfinder.com) Open Library (openlibrary.org)

Exporting to Dublin Core...

SOUTHVILLE LIBRARY

Southville International School and Colleges Library

1281 Tropical Ave. Cor. Luxembourg St., BF Homes International, Las Pinas City

Tel. No. 8256374 / 252358 Loc. 117/146

Powered by Koha